00441cam a2200169ua 45000010005000000080039000050200015000440400009000590410008000680820008000761000031000842450070001152500009001852600030001943000016002246530031002408357150128n ii |||gr||||Z||||||eng a8176255610 cMAIN aeng a814 aBalachandran, K.,eAuthor.1 aCritical essays on American LiteraturecEdited by K. Balachandran a1st. aNew Delhi:bSarup,c2005. axxiii,305p. aAmerican essays in English